Catálogo de la Biblioteca Horacio González - Universidad Nacional de General Sarmiento

Los montoneros del barrio (Registro nro. 67554)

Detalles MARC
000 -CABECERA
campo de control de longitud fija 02258cam a22004094i 4500
001 - NÚMERO DE CONTROL
campo de control UByD004380
003 - IDENTIFICADOR DEL NÚMERO DE CONTROL
campo de control AR-LpoUNG
005 - FECHA Y HORA DE LA ÚLTIMA TRANSACCIÓN
campo de control 20260401103815.0
006 - CÓDIGOS DE INFORMACIÓN DE LONGITUD FIJA--CARACTERÍSTICAS DEL MATERIAL ADICIONAL
campo de control de longitud fija a||||gr|||| 001 0
007 - CAMPO FIJO DE DESCRIPCIÓN FÍSICA--INFORMACIÓN GENERAL
campo de control de longitud fija ta
008 - DATOS DE LONGITUD FIJA--INFORMACIÓN GENERAL
campo de control de longitud fija 260401s2011 ag o gr 001 0 spa d
015 ## - NÚMERO DE BIBLIOGRAFÍA NACIONAL
Número de bibliografía nacional AR-2011
020 ## - NÚMERO INTERNACIONAL ESTÁNDAR DEL LIBRO
Número Internacional Estándar del Libro 9789871172771
040 ## - FUENTE DE LA CATALOGACIÓN
Centro catalogador/agencia de origen AR-BaBN
Lengua de catalogación spa
Centro/agencia transcriptor AR-BaBN
Normas de descripción rda
Centro/agencia modificador AR-LpoUNG
043 ## - CÓDIGO DE ÁREA GEOGRÁFICA
Código de área geográfica s-ag---
044 ## - CÓDIGO DEL PAÍS DE LA ENTIDAD EDITORA/PRODUCTORA
Código MARC del país ag
Código ISO del país ar-b
080 0# - NÚMERO DE LA CLASIFICACIÓN DECIMAL UNIVERSAL
Número de la Clasificación Decimal Universal 323.26(82)
Identificador de la edición 2004
082 0# - NÚMERO DE LA CLASIFICACIÓN DECIMAL DEWEY
Número de clasificación 982.063 159mon
100 1# - ENTRADA PRINCIPAL--NOMBRE DE PERSONA
Nombre de persona Salcedo, Javier
Término indicativo de función/relación autor
245 14 - MENCIÓN DE TÍTULO
Título Los montoneros del barrio
250 ## - MENCIÓN DE EDICIÓN
Mención de edición 1a ed.
260 ## - PUBLICACIÓN, DISTRIBUCIÓN, ETC.
Lugar de publicación, distribución, etc. Caseros :
Nombre del editor, distribuidor, etc. Eduntref,
Fecha de publicación, distribución, etc. 2011.
300 ## - DESCRIPCIÓN FÍSICA
Extensión 327 páginas ;
Dimensiones láminas blanco y negro
500 ## - NOTA GENERAL
Nota general La obra es la versión completa de tesis de maestría y doctorado defendidas en la Universidad Nacional de Tres de Febrero, 2010.
500 ## - NOTA GENERAL
Nota general Índice de nombres: p. 323-327.
504 ## - NOTA DE BIBLIOGRAFÍA, ETC.
Nota de bibliografía, etc. Bibliografía: p. 319-321.
520 3# - SUMARIO, ETC.
Sumario, etc. Los montoneros del barrio refleja las formas de inserción de masas de la organización Montoneros en el conurbano bonaerense. A partir de un estudio de caso, el del distrito de Moreno, se observan los mecanismos utilizados por los jóvenes revolucionarios de los años setenta para acercarse a sectores sociales y políticos que se identificaban con el peronismo. No fueron solamente los jóvenes estudiantes o profesionales radicalizados quienes adoptaron las prácticas violentas en un país con amplios sectores dirigentes que valoraban muy poco las prácticas democráticas. Los montoneros del barrio revela que no es posible estudiar a Montoneros como un todo, sin diferenciar las experiencias por zonas, por las diferentes organizaciones que la conformaron y por la posición del militante en la organización. Este libro refleja esas experiencias contrapuestas, a las que une la figura de Perón, como líder de un proyecto incompleto para unos o como objetivo de lucha y símbolo identitario para otros.
Fuente proveedora (Descripción del editor).
650 #4 - PUNTO DE ACCESO ADICIONAL DE MATERIA--TÉRMINO DE MATERIA
Término de materia o nombre geográfico como elemento de entrada Peronismo
650 #4 - PUNTO DE ACCESO ADICIONAL DE MATERIA--TÉRMINO DE MATERIA
Término de materia o nombre geográfico como elemento de entrada Montoneros
650 #4 - PUNTO DE ACCESO ADICIONAL DE MATERIA--TÉRMINO DE MATERIA
Término de materia o nombre geográfico como elemento de entrada Historia argentina
650 #4 - PUNTO DE ACCESO ADICIONAL DE MATERIA--TÉRMINO DE MATERIA
Término de materia o nombre geográfico como elemento de entrada Historia política
651 #4 - PUNTO DE ACCESO ADICIONAL DE MATERIA--NOMBRE GEOGRÁFICO
Nombre geográfico Argentina
653 #0 - TÉRMINO DE INDIZACIÓN--NO CONTROLADO
Término no controlado Conurbano bonaerense
941 ## - EQUIVALENCIA O REFERENCIA-CRUZADA--TÍTULO LATINIZADO [OBSOLETO] [solamente CAN/MARC]
Título latinizado/romanizado LI2014
942 ## - ELEMENTOS DE PUNTO DE ACCESO ADICIONAL (KOHA)
Fuente del sistema de clasificación o colocación Dewey Decimal Classification
Tipo de ítem Koha Libro
Existencias
Estado de retiro Estado de pérdida Fuente del sistema de clasificación o colocación Estado dañado No para préstamo Código de colección Localización permanente Ubicación/localización actual Fecha de adquisición Total de préstamos Signatura topográfica completa Código de barras Fecha visto por última vez Precio válido a partir de Tipo de ítem Koha
    Dewey Decimal Classification     Colección General Biblioteca Universidad Nacional de General Sarmiento Biblioteca Universidad Nacional de General Sarmiento 02/03/2026   982.063 159mon 00071552 02/03/2026 02/03/2026 Libro